| 000 | 00000nam 2200000za 4500 |
| 001 | 9.689392 |
| 003 | CaOODSP |
| 005 | 20210921095716 |
| 007 | cr ||||||||||| |
| 008 | 150407s2007 onc|||||o f|0| 0 eng d |
| 020 | |a978-0-662-45241-6 |
| 040 | |aCaOODSP|beng |
| 043 | |an-cn--- |
| 086 | 1 |aIu20-1/2007E-PDF |
| 110 | 1 |aCanada. |bOffice of Consumer Affairs. |
| 245 | 10|aCanadian consumer handbook 2007 |h[electronic resource]. |
| 260 | |aOttawa : |bIndustry Canada, |c2007. |
| 300 | |a85 p. : |bcoloured illus. |
| 590 | |a07-20|b2007-05-18 |
| 690 | 07|aConsumer protection|2gcpds |
| 775 | 08|tGuide du consommateur canadien 2007 |w(CaOODSP)9.633802 |
| 794 | |tCanadian consumer handbook 2008-2009 |w(CaOODSP)9.691609 |
| 795 | |tCanadian consumer handbook 2006 |w(CaOODSP)9.688065 |
| 856 | 40|ahttp://publications.gc.ca|qPDF|s398 KB|uhttps://publications.gc.ca/collections/collection_2007/ic/Iu20-1-2007E.pdf |
| 986 | |a60187 |